000
00207 a2200097 4500
001
41756
100
_a
Spacks P M
245
_a
Gossip
260
_a
_b
University of Chicago Press
_c
090
_c
25868
_d
25868
942
_a
NUST-CAE
_c
M
_c
17633
999
_c
276829
_d
276829